(Major) Gods: Roman name -> Greek name - Statistics

General Stats
  • This quiz has been taken 18 times
  • The average score is 9 of 11
Answer Stats
Hint Answer % Correct
Apollo Apollo
100%
Juno Hera
92%
Jupiter Zeus
92%
Mars Ares
83%
Cupid Eros
83%
Mercury Hermes
83%
Neptune Poseidon
83%
Venus Aphrodite
75%
Minerva Athena
67%
Luna Selene
67%
Diana Artemis
58%
No matching quizzes found
Score Distribution
Percent of People with Each Score
Percentile by Number Answered
Your Score History
You have not taken this quiz